[Event "Rated Rapid game"]
[Site "?"]
[Date "2021.06.11"]
[Round "?"]
[White "Meowcatty"]
[Black "Gmjaknour"]
[Result "1-0"]
[WhiteElo "2274"]
[BlackElo "2408"]
[PlyCount "49"]
[EventDate "2021.??.??"]
[EventType "rapid"]

1. e4 e5 2. Nf3 d5 3. Nxe5 dxe4 4. d4 Bd6 5. Nc4 Nf6 6. Nxd6+ Qxd6 7. Be2 Nc6
8. c3 Bf5 9. Bg5 a6 10. Nd2 h6 11. Bh4 Na5 12. Qa4+ Nc6 13. Nc4 Qd7 14. Bxf6
gxf6 15. Ne3 Bh7 16. Bb5 O-O 17. Bxc6 bxc6 18. O-O-O Rfb8 19. d5 Qd6 20. dxc6
Qf4 21. Qc2 Bf5 22. g3 Qe5 23. Rd5 Qe6 24. Nxf5 Qxc6 25. Ne7+ {Time forfeit}
1-0

[Event "Rated Blitz game"]
[Site "?"]
[Date "2021.06.11"]
[Round "?"]
[White "blablahulahula"]
[Black "sierra92"]
[Result "0-1"]
[WhiteElo "2279"]
[BlackElo "2400"]
[PlyCount "86"]
[EventDate "2021.??.??"]
[EventType "blitz"]

1. e4 e5 2. Nf3 d5 3. Nc3 d4 4. Ne2 f6 5. Ng3 c5 6. Bc4 a6 7. a4 Nc6 8. Qe2 Na5
9. Ba2 Qc7 10. d3 b5 11. Bd2 Nc6 12. axb5 axb5 13. Bf7+ Kxf7 14. Rxa8 Bd6 15.
O-O Nge7 16. c3 Ng6 17. Nf5 Bxf5 18. Rxh8 Nxh8 19. exf5 Kg8 20. Qe4 Nf7 21. Qd5
Ne7 22. Qe6 Kf8 23. Ra1 Qb8 24. h4 Nd8 25. Qd7 Qc7 26. Qxb5 Nxf5 27. h5 Ne6 28.
h6 Nxh6 29. Bxh6 gxh6 30. Ra6 Ke7 31. Qa4 Qc8 32. Ra7+ Bc7 33. Qc6 Qd7 34. Qe4
Ng5 35. Qd5 Qxd5 36. Rxc7+ Kd6 37. Rc8 Ke6 38. c4 Qb7 39. Rxc5 Qxb2 40. Nh4
Qb1+ 41. Kh2 Qxd3 42. g3 Nf3+ 43. Nxf3 Qxf3 {Normal} 0-1

[Event "Rated Blitz game"]
[Site "?"]
[Date "2021.06.11"]
[Round "?"]
[White "CildirtmayinLanBeni"]
[Black "Slimslik02"]
[Result "1-0"]
[WhiteElo "2450"]
[BlackElo "2322"]
[PlyCount "65"]
[EventDate "2021.??.??"]
[EventType "blitz"]

1. e4 e5 2. Nf3 d5 3. Nxe5 Bd6 4. d4 dxe4 5. Nc4 Be6 6. Nc3 Bb4 7. Ne5 c5 8.
Bb5+ Kf8 9. Be3 Qb6 10. Bc4 Bxc4 11. Nxc4 Qg6 12. O-O Bxc3 13. bxc3 Nf6 14.
dxc5 Nc6 15. Rb1 Rd8 16. Qe2 Rd7 17. Rfd1 Nd5 18. Rxd5 Rxd5 19. Rxb7 f5 20. g3
Nd8 21. Rxa7 Qc6 22. Nd6 h5 23. h4 Rxc5 24. Bxc5 Qxc5 25. Rd7 Qa5 26. Qc4 Rh6
27. Rf7+ Kg8 28. Ra7+ Kh7 29. Rxa5 Rxd6 30. Rd5 Rxd5 31. Qxd5 Nf7 32. Qxf7 e3
33. Qxf5+ {Time forfeit} 1-0

[Event "Rated Blitz game"]
[Site "?"]
[Date "2021.06.11"]
[Round "?"]
[White "Quaritch79"]
[Black "annaly1979"]
[Result "0-1"]
[WhiteElo "2431"]
[BlackElo "2422"]
[PlyCount "84"]
[EventDate "2021.??.??"]
[EventType "blitz"]

1. e4 e5 2. Nf3 d5 3. exd5 e4 4. Nd4 c5 5. Nb3 f5 6. c4 Nf6 7. d3 Bd6 8. Nc3
O-O 9. Bg5 Qe8 10. Bxf6 exd3+ 11. Kd2 Rxf6 12. Bxd3 Bf4+ 13. Kc2 Na6 14. a3 Bd7
15. Qf3 Be5 16. Rae1 Qb8 17. h4 Qd6 18. Ne2 Ba4 19. Ng3 Raf8 20. Nh5 Rh6 21.
Ng3 Rhf6 22. Be2 Nc7 23. Kb1 a6 24. Nd2 b5 25. cxb5 axb5 26. b3 Rb8 27. Nxf5
Qf8 28. g4 c4 29. b4 g6 30. Qe4 Re8 31. Nh6+ Kg7 32. g5 Rf4 33. Qg2 Bc3 34. Ne4
Rfxe4 35. d6 Qxd6 36. Rd1 Rd4 37. Rxd4 Qxd4 38. Qf3 Rf8 39. Qc6 Qe5 40. Bd1 Ba1
41. Qd7+ Kh8 42. Bxa4 Qb2# {Normal} 0-1

[Event "Rated Blitz game"]
[Site "?"]
[Date "2021.06.11"]
[Round "?"]
[White "Ahmed-abdelsattar"]
[Black "BrilliantGambiteer"]
[Result "1-0"]
[WhiteElo "2508"]
[BlackElo "2383"]
[PlyCount "93"]
[EventDate "2021.??.??"]
[EventType "blitz"]

1. e4 e5 2. Nf3 d5 3. exd5 Bd6 4. d4 e4 5. Ne5 Nf6 6. c4 c5 7. dxc6 Nxc6 8.
Nxc6 bxc6 9. Nc3 O-O 10. Be2 Bf5 11. O-O Qc7 12. h3 a6 13. Bg5 c5 14. Bxf6 gxf6
15. Nd5 Qd8 16. Bg4 Bg6 17. f4 f5 18. Be2 Rc8 19. Kh1 f6 20. a3 Bf7 21. Ne3 Bg6
22. d5 Qc7 23. g3 Kh8 24. Kh2 Rb8 25. Rb1 a5 26. h4 Qd7 27. h5 Be8 28. Rf2 a4
29. Bf1 Rb3 30. Qe2 Qc8 31. Bh3 Bd7 32. h6 Rg8 33. Re1 Rg6 34. Qh5 Bf8 35. Nxf5
Qb7 36. Rxe4 Bxf5 37. Qxf5 Rxh6 38. Kg2 Rxb2 39. Rfe2 Rxe2+ 40. Rxe2 Rg6 41.
Re8 Kg7 42. Qe6 Qb2+ 43. Qe2 Qxa3 44. Re3 Qb4 45. Bf5 Rh6 46. Re8 Qxc4 47. Qxc4
{Normal} 1-0

[Event "Rated Blitz game"]
[Site "?"]
[Date "2021.06.11"]
[Round "?"]
[White "MattRaiser"]
[Black "DarthZannah"]
[Result "1/2-1/2"]
[WhiteElo "2566"]
[BlackElo "2553"]
[PlyCount "104"]
[EventDate "2021.??.??"]
[EventType "blitz"]

1. e4 e5 2. Nf3 d5 3. exd5 e4 4. Qe2 Nf6 5. d3 Qxd5 6. Nc3 Bb4 7. Nd2 Bxc3 8.
bxc3 O-O 9. Nxe4 Nxe4 10. Qxe4 Qa5 11. Qb4 Qe5+ 12. Be3 Nc6 13. Qc4 Be6 14. Qc5
Qf6 15. Be2 h6 16. O-O Rad8 17. Bf3 Rd6 18. d4 Rfd8 19. Rfe1 Bd5 20. Bxd5 Rxd5
21. Qc4 Qh4 22. Rab1 Rh5 23. h3 Rd6 24. Rb5 Rg6 25. Rxh5 Qxh5 26. Kf1 Qa5 27.
Bf4 Kh7 28. a4 Qf5 29. d5 Na5 30. Qe4 Qd7 31. Bg3 f5 32. Qd4 b6 33. Re5 Nb7 34.
Qe3 Qxa4 35. Rxf5 Qxc2 36. Rf7 Qd1+ 37. Qe1 Qxd5 38. Rxc7 a5 39. Kg1 Nc5 40.
Qe8 Qg8 41. Qe7 a4 42. Ra7 Qc4 43. Ra8 Qxc3 44. Qe8 Rxg3 45. fxg3 Qxg3 46. Qg8+
Kg6 47. Ra7 Qe1+ 48. Kh2 Qe5+ 49. Kh1 Qe1+ 50. Kh2 Qe5+ 51. Kh1 Qa1+ 52. Kh2
Qe5+ {Normal} 1/2-1/2

[Event "Rated Blitz game"]
[Site "?"]
[Date "2021.06.11"]
[Round "?"]
[White "yaguigor"]
[Black "RoadToFM-L"]
[Result "0-1"]
[WhiteElo "2504"]
[BlackElo "2491"]
[PlyCount "102"]
[EventDate "2021.??.??"]
[EventType "blitz"]

1. e4 e5 2. Nf3 d5 3. exd5 e4 4. Qe2 Nf6 5. d3 Bb4+ 6. c3 O-O 7. dxe4 Bd6 8.
Bg5 Re8 9. Nbd2 c6 10. dxc6 Nxc6 11. Qd3 Be6 12. Bxf6 gxf6 13. Be2 Qc7 14. Qb5
a6 15. Qh5 Rad8 16. O-O Ne7 17. Nd4 Ng6 18. g3 Bc5 19. N2f3 Kh8 20. Rad1 Rg8
21. Nxe6 fxe6 22. Qh6 Rdf8 23. Kh1 Bd6 24. Nd4 Qe7 25. f4 Bc5 26. Bc4 Bxd4 27.
cxd4 f5 28. exf5 Rxf5 29. Rfe1 Rf6 30. Qh3 Qc7 31. Bxe6 Re8 32. d5 Qa5 33. a3
Nf8 34. f5 Qd8 35. Qg4 Nxe6 36. dxe6 Qc7 37. Rd7 Qc6+ 38. Kg1 Qc5+ 39. Kg2 Qc2+
40. Re2 Qc6+ 41. Kg1 Qc5+ 42. Kg2 Qf8 43. Qd4 Kg8 44. Re4 Re7 45. Rg4+ Rg6 46.
Rd8 Re8 47. fxg6 Rxd8 48. gxh7+ Kxh7 49. Qe4+ Kh8 50. Qe5+ Kh7 51. Qh5+ Qh6 {
Time forfeit} 0-1

[Event "Rated Blitz game"]
[Site "?"]
[Date "2021.06.11"]
[Round "?"]
[White "benga77"]
[Black "KamranShirazi"]
[Result "1-0"]
[WhiteElo "2487"]
[BlackElo "2499"]
[PlyCount "77"]
[EventDate "2021.??.??"]
[EventType "blitz"]

1. e4 e5 2. Nf3 d5 3. d4 dxe4 4. Nxe5 Nd7 5. Bf4 Ngf6 6. Nc3 Bb4 7. Bc4 O-O 8.
O-O Nb6 9. Bb3 a5 10. a3 Bxc3 11. bxc3 a4 12. Ba2 Nbd5 13. Bd2 c6 14. c4 Nc7
15. Bb4 Re8 16. c5 Be6 17. c4 Bf5 18. Re1 Ne6 19. d5 Nxc5 20. Nxf7 Kxf7 21.
Bxc5 cxd5 22. cxd5 Kg8 23. d6+ Be6 24. Bb1 Bb3 25. Qd4 Rc8 26. Bb4 Rc4 27. Qd2
Re6 28. Ba2 Rc2 29. Qxc2 Bxc2 30. Bxe6+ Kh8 31. Rac1 Qe8 32. d7 Nxd7 33. Bxd7
Qxd7 34. Rxc2 h6 35. Rce2 Kh7 36. Rxe4 Kg6 37. Re7 Qc6 38. R1e6+ Kf5 39. Rxc6 {
Normal} 1-0

[Event "Rated Blitz game"]
[Site "?"]
[Date "2021.06.11"]
[Round "?"]
[White "Starazagora"]
[Black "annaly1979"]
[Result "1-0"]
[WhiteElo "2449"]
[BlackElo "2407"]
[PlyCount "61"]
[EventDate "2021.??.??"]
[EventType "blitz"]

1. e4 e5 2. Nf3 d5 3. Nxe5 Qe7 4. d4 f6 5. Nf3 dxe4 6. Nfd2 f5 7. Nc4 Nf6 8.
Be2 Nc6 9. O-O Be6 10. c3 O-O-O 11. Bg5 h6 12. Bxf6 gxf6 13. g3 f4 14. gxf4
Rg8+ 15. Kh1 Bd5 16. Ne3 Qd7 17. Rg1 Be7 18. Bg4 Be6 19. Bxe6 Qxe6 20. Qh5
Rxg1+ 21. Kxg1 Rg8+ 22. Kh1 Kb8 23. Nd2 Bd6 24. d5 Qe7 25. dxc6 Bxf4 26. Rg1
Rxg1+ 27. Kxg1 Bxe3 28. fxe3 bxc6 29. Qg4 Qd6 30. Nxe4 Qd1+ 31. Qxd1 {Normal}
1-0

[Event "Rated Blitz game"]
[Site "?"]
[Date "2021.06.11"]
[Round "?"]
[White "Rvlc"]
[Black "annaly1979"]
[Result "1/2-1/2"]
[WhiteElo "2431"]
[BlackElo "2418"]
[PlyCount "73"]
[EventDate "2021.??.??"]
[EventType "blitz"]

1. e4 e5 2. Nf3 d5 3. exd5 e4 4. Qe2 f5 5. d3 Nf6 6. dxe4 fxe4 7. Nfd2 Be7 8.
Nxe4 Nxe4 9. Qxe4 O-O 10. Bd3 Bf5 11. Qd4 Bxd3 12. Qxd3 Nd7 13. O-O Ne5 14. Qe4
Bd6 15. c4 b6 16. Nc3 a6 17. b3 Qf6 18. Bb2 Qh6 19. h3 Nf3+ 20. Kh1 Ng5 21. Qg4
Rf4 22. Qd7 Raf8 23. Ne2 Rh4 24. Ng1 Rhf4 25. Rae1 R4f7 26. Qg4 Rxf2 27. Rxf2
Rxf2 28. Re8+ Bf8 29. Ba3 Rf1 30. Kh2 g6 31. h4 Nf7 32. Nf3 Nd6 33. Qe6+ Kh8
34. Qf6+ Kg8 35. Qe6+ Kh8 36. Qf6+ Kg8 37. Qe6+ {Normal} 1/2-1/2

[Event "Rated Blitz game"]
[Site "?"]
[Date "2021.06.11"]
[Round "?"]
[White "ZAN_GUREEZ123"]
[Black "blastol"]
[Result "0-1"]
[WhiteElo "2462"]
[BlackElo "2385"]
[PlyCount "54"]
[EventDate "2021.??.??"]
[EventType "blitz"]

1. e4 e5 2. Nf3 d5 3. exd5 Bd6 4. Nc3 Nf6 5. Bb5+ c6 6. dxc6 bxc6 7. Bc4 e4 8.
Qe2 Qe7 9. Ng5 O-O 10. Ngxe4 Nxe4 11. Nxe4 Bc7 12. Ng3 Qh4 13. O-O Bg4 14. Qe4
Nd7 15. d3 Nf6 16. Qxc6 Bb6 17. Be3 Bd7 18. Qf3 Ng4 19. h3 Nxe3 20. fxe3 Kh8
21. Kh2 Bc7 22. e4 f5 23. d4 Rf6 24. e5 Rg6 25. Nxf5 Bxf5 26. Qxf5 Qg3+ 27. Kh1
Qxg2# {Normal} 0-1

[Event "Rated Blitz game"]
[Site "?"]
[Date "2021.06.11"]
[Round "?"]
[White "persian_golff"]
[Black "annaly1979"]
[Result "1-0"]
[WhiteElo "2427"]
[BlackElo "2420"]
[PlyCount "57"]
[EventDate "2021.??.??"]
[EventType "blitz"]

1. e4 e5 2. Nf3 d5 3. Nc3 dxe4 4. Nxe4 f5 5. Nxe5 fxe4 6. Qh5+ g6 7. Nxg6 hxg6
8. Qxg6+ Kd7 9. Qf5+ Ke8 10. Qe5+ Ne7 11. Qxh8 Bf5 12. Bc4 Nbc6 13. d3 Qd4 14.
Qh5+ Bg6 15. Qe2 Rd8 16. O-O exd3 17. cxd3 Bxd3 18. Bxd3 Qxd3 19. Qh5+ Qg6 20.
Qh3 Qf5 21. Qb3 b6 22. Be3 Rd3 23. Qa4 Bg7 24. Rac1 Qg6 25. Rc2 Kd7 26. Rfc1
Qh5 27. Rxc6 Nxc6 28. Qxc6+ Ke7 29. Qe4+ {Normal} 1-0

[Event "Rated Blitz game"]
[Site "?"]
[Date "2021.06.11"]
[Round "?"]
[White "OMID_s"]
[Black "GrandeGila"]
[Result "0-1"]
[WhiteElo "2298"]
[BlackElo "2454"]
[PlyCount "76"]
[EventDate "2021.??.??"]
[EventType "blitz"]

1. e4 e5 2. Nf3 d5 3. d4 dxe4 4. Nxe5 Bd6 5. Nc4 Nc6 6. Be2 Nxd4 7. Nxd6+ Qxd6
8. O-O Nf6 9. c3 Nc6 10. Bg5 Qe5 11. Bxf6 Qxf6 12. Nd2 Bf5 13. Qa4 Qg6 14. Rfe1
O-O 15. Bb5 Rfe8 16. Bxc6 bxc6 17. Re3 h5 18. Rae1 Rad8 19. Qc2 h4 20. h3 Rd6
21. Nxe4 Rde6 22. f3 Bxh3 23. Nf6+ Qxf6 24. Rxe6 Rxe6 25. Rxe6 Qxe6 26. gxh3
Qxh3 27. Qg2 Qxg2+ 28. Kxg2 g5 29. Kh3 f6 30. Kg4 Kf7 31. Kf5 Ke7 32. Kg4 Kd6
33. f4 Kc5 34. fxg5 fxg5 35. b3 a5 36. a3 a4 37. bxa4 Kb6 38. Kxg5 h3 {Normal}
0-1

[Event "Rated Blitz game"]
[Site "?"]
[Date "2021.06.11"]
[Round "?"]
[White "mboldysh"]
[Black "annaly1979"]
[Result "0-1"]
[WhiteElo "2425"]
[BlackElo "2389"]
[PlyCount "58"]
[EventDate "2021.??.??"]
[EventType "blitz"]

1. e4 e5 2. Nf3 d5 3. Nxe5 Qe7 4. d4 f6 5. Nf3 dxe4 6. Ng1 f5 7. Ne2 Nf6 8. Nf4
Nc6 9. Bc4 Qd6 10. c3 Bd7 11. b4 O-O-O 12. a4 g5 13. Nh5 Nxh5 14. Qxh5 Nxd4 15.
O-O Be7 16. Rd1 Bf6 17. cxd4 Qxb4 18. Bb5 c6 19. Ba3 Qb3 20. Nd2 Qc3 21. Qf7
Bxd4 22. Qb3 Qxb3 23. Nxb3 Bxa1 24. Rxa1 cxb5 25. Rc1+ Kb8 26. Bd6+ Ka8 27. a5
a6 28. Be5 Be6 29. Bd4 Bxb3 {Normal} 0-1

[Event "Rated Blitz game"]
[Site "?"]
[Date "2021.06.11"]
[Round "?"]
[White "ljdr"]
[Black "magos33"]
[Result "0-1"]
[WhiteElo "2459"]
[BlackElo "2391"]
[PlyCount "46"]
[EventDate "2021.??.??"]
[EventType "blitz"]

1. e4 e5 2. Nf3 d5 3. exd5 e4 4. Qe2 Nf6 5. d3 Be7 6. dxe4 O-O 7. Nbd2 Re8 8.
c4 c6 9. e5 cxd5 10. Qd1 Bd6 11. Be2 Bxe5 12. Nxe5 Rxe5 13. O-O Nc6 14. Nf3 Re8
15. cxd5 Qxd5 16. Be3 Bg4 17. h3 Bh5 18. Rc1 Qxa2 19. Qc2 Rac8 20. Bc4 Qa5 21.
Ra1 Qc7 22. Qf5 Bxf3 23. gxf3 Ne7 {Normal} 0-1

[Event "Rated Blitz game"]
[Site "?"]
[Date "2021.06.11"]
[Round "?"]
[White "pamboy27"]
[Black "magos33"]
[Result "0-1"]
[WhiteElo "2251"]
[BlackElo "2409"]
[PlyCount "58"]
[EventDate "2021.??.??"]
[EventType "blitz"]

1. e4 e5 2. Nf3 d5 3. Nxe5 Bd6 4. d4 dxe4 5. Qh5 Bxe5 6. Qxe5+ Qe7 7. Qxg7 Qf6
8. Bh6 Nd7 9. Bc4 Nxh6 10. Bxf7+ Nxf7 11. Qg4 Qxd4 12. O-O Nf6 13. Qf4 Qe5 14.
Qe3 Rg8 15. g3 Bh3 16. Rd1 Nd6 17. Nc3 a6 18. Qh6 Bg4 19. Re1 O-O-O 20. a3 Bf3
21. Re3 Rg6 22. Qh4 Rdg8 23. Rae1 Qf5 24. b4 Ng4 25. Nxe4 Nxe4 26. Rxf3 Qxf3
27. Rf1 Rh6 28. Qe7 Ngxf2 29. Qxe4 Nh3# {Normal} 0-1

[Event "Rated Blitz game"]
[Site "?"]
[Date "2021.06.11"]
[Round "?"]
[White "fankasp"]
[Black "annaly1979"]
[Result "1-0"]
[WhiteElo "2419"]
[BlackElo "2402"]
[PlyCount "75"]
[EventDate "2021.??.??"]
[EventType "blitz"]

1. e4 e5 2. Nf3 d5 3. exd5 e4 4. Nd4 c5 5. Nb3 f5 6. d3 Nf6 7. Nc3 h6 8. dxe4
fxe4 9. Bb5+ Nbd7 10. d6 a6 11. Bxd7+ Bxd7 12. Nxc5 Qb6 13. N5xe4 O-O-O 14. Be3
Qb4 15. a3 Qc4 16. Nxf6 gxf6 17. Nd5 Kb8 18. Bb6 Re8+ 19. Ne3 Qc6 20. Bc7+ Ka8
21. O-O Rg8 22. Qd2 f5 23. Rfe1 f4 24. Nd5 Bg7 25. c4 Be5 26. b4 Bh3 27. g3
fxg3 28. hxg3 Bxg3 29. fxg3 Rxg3+ 30. Kh2 Reg8 31. Rg1 Rxg1 32. Rxg1 Rxg1 33.
Kxg1 Be6 34. Nb6+ Ka7 35. Qd4 a5 36. Nc8+ Ka6 37. b5+ Qxb5 38. Qa7# {Normal}
1-0

[Event "Rated Blitz game"]
[Site "?"]
[Date "2021.06.11"]
[Round "?"]
[White "trupicamasnaocai"]
[Black "annaly1979"]
[Result "1-0"]
[WhiteElo "2420"]
[BlackElo "2416"]
[PlyCount "59"]
[EventDate "2021.??.??"]
[EventType "blitz"]

1. e4 e5 2. Nf3 d5 3. Nxe5 Qe7 4. d4 f6 5. Qh5+ g6 6. Nxg6 Qxe4+ 7. Be2 Qxg6 8.
Qxd5 Ne7 9. Qb3 Nbc6 10. Be3 Bf5 11. Qxb7 Rb8 12. Qxc7 Rxb2 13. Nc3 Rxc2 14.
Nb5 Kf7 15. Nd6+ Kg8 16. Bc4+ Rxc4 17. Nxc4 Qxg2 18. O-O-O Qe4 19. Rhg1+ Bg7
20. Na3 Kf7 21. Qg3 Ng6 22. Qc7+ Nce7 23. Qc4+ Be6 24. Qd3 Rc8+ 25. Kd2 Qd5 26.
Rc1 Qxa2+ 27. Rc2 Rxc2+ 28. Nxc2 Bc4 29. Ra1 Qxa1 30. Qxc4+ {Normal} 1-0

[Event "Rated Blitz game"]
[Site "?"]
[Date "2021.06.11"]
[Round "?"]
[White "OMID_s"]
[Black "GrandeGila"]
[Result "1/2-1/2"]
[WhiteElo "2292"]
[BlackElo "2461"]
[PlyCount "138"]
[EventDate "2021.??.??"]
[EventType "blitz"]

1. e4 e5 2. Nf3 d5 3. d4 dxe4 4. Nxe5 Bd6 5. Nc4 Nc6 6. Nxd6+ Qxd6 7. Be3 Nf6
8. Nc3 Bg4 9. Be2 Bxe2 10. Qxe2 Nxd4 11. Bxd4 Qxd4 12. Rd1 Qe5 13. O-O O-O 14.
Rfe1 Rfe8 15. Qc4 Qe6 16. Qxc7 b5 17. a3 a6 18. h3 Rac8 19. Qb7 Qc4 20. Re3 h6
21. Qxa6 Rc5 22. Rg3 Kh7 23. Qd6 b4 24. axb4 Qxb4 25. Qd4 Rc4 26. Qe3 Qxb2 27.
Nd5 Nxd5 28. Rxd5 Qxc2 29. Qf4 Qc1+ 30. Qxc1 Rxc1+ 31. Kh2 Rc2 32. Rf5 Re7 33.
Re3 g6 34. Rf4 f5 35. g4 Rc5 36. gxf5 gxf5 37. Kg3 Kg6 38. h4 Kf6 39. f3 Rg7+
40. Kh3 exf3 41. Rexf3 Rg1 42. Kh2 Rg7 43. Ra3 Kg6 44. Ra6+ Kh5 45. Rf6 Rc2+
46. Kh3 Rc1 47. R6xf5+ Kg6 48. Rf7 Kh7 49. Rxg7+ Kxg7 50. Rg4+ Kf6 51. Rg3 Kf5
52. Rf3+ Kg6 53. Rg3+ Kh5 54. Re3 Rh1+ 55. Kg3 Rg1+ 56. Kh3 Rh1+ 57. Kg3 Rg1+
58. Kh3 Kg6 59. Rg3+ Rxg3+ 60. Kxg3 Kf5 61. Kh3 Kf4 62. Kg2 Kg4 63. Kh1 Kxh4
64. Kg1 Kg3 65. Kh1 h5 66. Kg1 h4 67. Kh1 h3 68. Kg1 h2+ 69. Kh1 Kh3 {Normal}
1/2-1/2

[Event "Rated Blitz game"]
[Site "?"]
[Date "2021.06.11"]
[Round "?"]
[White "ADDRESP"]
[Black "annaly1979"]
[Result "0-1"]
[WhiteElo "2462"]
[BlackElo "2397"]
[PlyCount "60"]
[EventDate "2021.??.??"]
[EventType "blitz"]

1. e4 e5 2. Nf3 d5 3. exd5 e4 4. Qe2 f5 5. d3 Nf6 6. Nbd2 Be7 7. dxe4 fxe4 8.
Nxe4 Nxe4 9. Qxe4 O-O 10. Be3 Bd6 11. Bd3 Bf5 12. Qxf5 Rxf5 13. Bxf5 Nd7 14.
Ng5 Nf6 15. Be6+ Kf8 16. O-O-O h6 17. Nf3 Qe8 18. Rhe1 Qa4 19. Kb1 b5 20. Nd4
b4 21. Bf5 Kf7 22. Bd3 Rb8 23. Bc4 Qa5 24. Nc6 Qa4 25. Nxb8 b3 26. Bxb3 Qb4 27.
Nc6 Qg4 28. g3 Ne4 29. Bxa7 Qf3 30. Re3 Qxd1# {Normal} 0-1

[Event "Rated Blitz game"]
[Site "?"]
[Date "2021.06.11"]
[Round "?"]
[White "Nemezisp"]
[Black "annaly1979"]
[Result "0-1"]
[WhiteElo "2438"]
[BlackElo "2409"]
[PlyCount "90"]
[EventDate "2021.??.??"]
[EventType "blitz"]

1. e4 e5 2. Nf3 d5 3. exd5 e4 4. Qe2 f5 5. d3 Nf6 6. Nc3 Bb4 7. Bd2 Bxc3 8.
Bxc3 O-O 9. dxe4 Nxe4 10. Be5 Re8 11. O-O-O Nd7 12. d6 Nxe5 13. Nxe5 cxd6 14.
f3 Nf6 15. Qc4+ Be6 16. Qc3 Rc8 17. Qa3 Nd5 18. Nd3 a5 19. c3 b5 20. Kb1 b4 21.
cxb4 axb4 22. Nxb4 Nxb4 23. Qxb4 Rb8 24. Qxd6 Qf6 25. Qd4 Red8 26. Qxf6 Rxd1+
27. Kc2 gxf6 28. Kxd1 Rxb2 29. Bd3 Rxa2 30. Re1 Ra1+ 31. Kd2 Rxe1 32. Kxe1 Kg7
33. Kf2 f4 34. g3 Kh6 35. gxf4 Kh5 36. Kg3 h6 37. Bb5 Kg6 38. Be8+ Kg7 39. Kh4
Bd5 40. Kg4 Be6+ 41. f5 Bd5 42. Bg6 Bc6 43. f4 Be4 44. h4 Bd3 45. Kh5 Be2# {
Normal} 0-1

[Event "Rated Blitz game"]
[Site "?"]
[Date "2021.06.11"]
[Round "?"]
[White "taoneto"]
[Black "SalvioSakakibara"]
[Result "1/2-1/2"]
[WhiteElo "2457"]
[BlackElo "2437"]
[PlyCount "45"]
[EventDate "2021.??.??"]
[EventType "blitz"]

1. e4 e5 2. Nf3 d5 3. exd5 Bd6 4. Nc3 f5 5. d4 e4 6. Ne5 Nf6 7. Be2 O-O 8. Bg5
a6 9. a4 Qe8 10. Nc4 Nbd7 11. O-O Qg6 12. Bxf6 Nxf6 13. Nxd6 cxd6 14. f3 e3 15.
f4 Bd7 16. Rf3 Rae8 17. Rg3 Qh6 18. Qf1 Re7 19. Rh3 Qg6 20. Rg3 Qh6 21. Rh3 Qg6
22. Rg3 Qh6 23. Rh3 {Normal} 1/2-1/2

[Event "Rated Blitz game"]
[Site "?"]
[Date "2021.06.11"]
[Round "?"]
[White "kiperman001"]
[Black "KamranShirazi"]
[Result "0-1"]
[WhiteElo "2431"]
[BlackElo "2503"]
[PlyCount "70"]
[EventDate "2021.??.??"]
[EventType "blitz"]

1. e4 e5 2. Nf3 d5 3. exd5 e4 4. Ne5 Qxd5 5. d4 exd3 6. Nxd3 Bd6 7. Nc3 Qf5 8.
Be2 Nc6 9. O-O Nd4 10. Be3 Nxe2+ 11. Qxe2 Be6 12. a4 a6 13. b4 Nf6 14. Nc5 Bxc5
15. Bxc5 b6 16. Bd4 O-O 17. b5 a5 18. Rfd1 Rad8 19. Qe5 Qxc2 20. Rac1 Qb3 21.
Ne4 Rxd4 22. Nxf6+ gxf6 23. Qxd4 Bf5 24. Rc3 Qb4 25. Rg3+ Bg6 26. Qxf6 Qxa4 27.
h4 Qxd1+ 28. Kh2 Re8 29. f3 Re1 30. Rg4 Qd6+ 31. Qxd6 cxd6 32. h5 Re5 33. hxg6
hxg6 34. Rd4 Rxb5 35. Rxd6 a4 {Normal} 0-1

[Event "Rated Blitz game"]
[Site "?"]
[Date "2021.06.11"]
[Round "?"]
[White "Wernad"]
[Black "DarthZannah"]
[Result "0-1"]
[WhiteElo "2451"]
[BlackElo "2562"]
[PlyCount "36"]
[EventDate "2021.??.??"]
[EventType "blitz"]

1. e4 e5 2. Nf3 d5 3. Nxe5 dxe4 4. d4 Nd7 5. Nxd7 Bxd7 6. Bc4 Bd6 7. O-O Qh4 8.
g3 Qh3 9. Nc3 Nf6 10. Bg5 Ng4 11. Qxg4 Bxg4 12. Rfe1 Bf3 13. Bf1 Qf5 14. Bd2
O-O-O 15. a4 h5 16. Nb5 h4 17. Nxd6+ Rxd6 18. Bf4 Rg6 {Normal} 0-1

[Event "Rated Rapid game"]
[Site "?"]
[Date "2021.06.11"]
[Round "?"]
[White "OgrodeEscalada"]
[Black "ZumruduuAnka"]
[Result "1/2-1/2"]
[WhiteElo "2443"]
[BlackElo "2289"]
[PlyCount "82"]
[EventDate "2021.??.??"]
[EventType "rapid"]

1. e4 e5 2. Nf3 d5 3. Nxe5 Bd6 4. d4 dxe4 5. Nc4 Nf6 6. Nc3 O-O 7. Bg5 c6 8.
Nxd6 Qxd6 9. Bc4 Bg4 10. Qd2 Nd5 11. O-O Nd7 12. Nxe4 Qg6 13. Bd3 Bf5 14. Rae1
Rae8 15. f3 h6 16. Bh4 Re6 17. g4 h5 18. h3 hxg4 19. hxg4 Bxg4 20. Nf6+ Rxf6
21. Bxg6 Rxg6 22. fxg4 Rxg4+ 23. Bg3 Rxg3+ 24. Kh2 Rg6 25. Rf3 N7f6 26. c4 Ng4+
27. Kh1 Ndf6 28. Re2 Rd8 29. Rh3 b5 30. b3 bxc4 31. bxc4 Rb8 32. Re1 Nh6 33. d5
cxd5 34. cxd5 Nf5 35. d6 Rd8 36. d7 Nxd7 37. Qxd7 Ng3+ 38. Kh2 Nf1+ 39. Kh1
Ng3+ 40. Kh2 Nf1+ 41. Kh1 Ng3+ {Normal} 1/2-1/2

[Event "Rated Blitz game"]
[Site "?"]
[Date "2021.06.11"]
[Round "?"]
[White "taoneto"]
[Black "SalvioSakakibara"]
[Result "1-0"]
[WhiteElo "2457"]
[BlackElo "2438"]
[PlyCount "105"]
[EventDate "2021.??.??"]
[EventType "blitz"]

1. e4 e5 2. Nf3 d5 3. exd5 Bd6 4. Nc3 f5 5. d4 e4 6. Ne5 Nf6 7. Be2 O-O 8. Bg5
Nbd7 9. Nc4 Qe8 10. Nxd6 cxd6 11. Bxf6 Nxf6 12. Nb5 Qe7 13. c4 f4 14. Qb3 f3
15. Bf1 a6 16. Na3 Ng4 17. g3 e3 18. fxe3 Nxe3 19. Kd2 Nxf1+ 20. Raxf1 Qe2+ 21.
Kc1 f2 22. Qc2 Bg4 23. Nb1 Rae8 24. Nc3 Qe3+ 25. Qd2 Bh3 26. Qxe3 Rxe3 27. Kd2
Bxf1 28. Rxf1 Ree8 29. c5 Rd8 30. b4 a5 31. a3 axb4 32. axb4 b6 33. c6 Ra8 34.
c7 Rf7 35. Nb5 Rc8 36. Nxd6 Rcxc7 37. Nxf7 Rxf7 38. Ke3 Re7+ 39. Kxf2 Re4 40.
Rd1 Kf7 41. Kf3 Re8 42. Rc1 Rd8 43. Ke4 Re8+ 44. Kf4 Rd8 45. Rc7+ Kf6 46. Rc6+
Ke7 47. Ke5 Rb8 48. d6+ Kf8 49. Ke6 Re8+ 50. Kd5 b5 51. d7 Rd8 52. Kd6 Kf7 53.
Rc8 {Normal} 1-0

[Event "Rated Blitz game"]
[Site "?"]
[Date "2021.06.11"]
[Round "?"]
[White "superbond"]
[Black "DarthZannah"]
[Result "0-1"]
[WhiteElo "2520"]
[BlackElo "2553"]
[PlyCount "60"]
[EventDate "2021.??.??"]
[EventType "blitz"]

1. e4 e5 2. Nf3 d5 3. Nxe5 dxe4 4. f4 Nd7 5. d4 Nh6 6. Nc3 f5 7. Qh5+ g6 8.
Nxg6 Nf6 9. Qg5 Nf7 10. Qg3 hxg6 11. Bc4 Rg8 12. Be3 Be7 13. O-O-O Ng4 14. h4
c6 15. h5 g5 16. fxg5 Nxe3 17. g6 Nxc4 18. gxf7+ Kxf7 19. Qf2 Be6 20. Nxe4 Qd5
21. Nc3 Qxg2 22. Qe1 Rae8 23. h6 Bg5+ 24. Kb1 Bd5 25. Qf1 Qxf1 26. Rhxf1 Nd2+
27. Rxd2 Bxd2 28. Rxf5+ Kg6 29. Rf1 Bxc3 30. bxc3 Kxh6 {Normal} 0-1

[Event "Rated Blitz game"]
[Site "?"]
[Date "2021.06.11"]
[Round "?"]
[White "superguti"]
[Black "magos33"]
[Result "1-0"]
[WhiteElo "2428"]
[BlackElo "2390"]
[PlyCount "95"]
[EventDate "2021.??.??"]
[EventType "blitz"]

1. e4 e5 2. Nf3 d5 3. Nc3 dxe4 4. Nxe5 Bd6 5. d4 exd3 6. Nxd3 Nf6 7. Be2 O-O 8.
O-O Bf5 9. Bf3 c6 10. Re1 Qc7 11. g3 Nbd7 12. Bf4 Rad8 13. Bxd6 Qxd6 14. Nf4
Ne5 15. Be2 Qxd1 16. Bxd1 Nc4 17. b3 Na3 18. Rc1 Rd2 19. Re2 Rfd8 20. Kf1 Rxe2
21. Ncxe2 Ne4 22. Ke1 b5 23. f3 Nf6 24. g4 Bc8 25. c3 a5 26. Nd4 c5 27. Nf5
Bxf5 28. gxf5 c4 29. Be2 Kf8 30. Rd1 Nc2+ 31. Kf2 Rxd1 32. Bxd1 cxb3 33. axb3
Na3 34. Be2 Ke7 35. Ke3 Kd6 36. Bd3 b4 37. Kd4 bxc3 38. Kxc3 Kc5 39. Be4 Nb5+
40. Kd3 Nd6 41. Ne2 Nd7 42. Nd4 Ne5+ 43. Kc3 Nxe4+ 44. fxe4 h5 45. h4 Ng4 46.
e5 Nxe5 47. f6 gxf6 48. Ne6+ {Time forfeit} 1-0